| 000 | 09797nam a22006737a 4500 | ||
|---|---|---|---|
| 005 | 20100903104128.0 | ||
| 008 | 100903t xxu||||| |||| 00| 0 hin d | ||
| 010 | _aHIN-90348 | ||
| 020 |
_c360.00 _a9788188457649 |
||
| 035 | _aHN-62694 | ||
| 037 | _bDBAD / PUB | ||
| 040 |
_aDPL _bHN |
||
| 082 | _a305.42 | ||
| 100 |
_aत्रिपाठी, कुसुम _918016 |
||
| 245 |
_aऔरत इतिहास रचा है तुमने... / _cकुसुम त्रिपाठी |
||
| 260 |
_aनई दिल्ली _bकल्याणी शिक्षा परिषद _c2010 |
||
| 270 |
_a3320-21, जटवाड़ा, दरियागंज, _bनई दिल्ली _e110002 |
||
| 300 |
_a224पृ. _c22सेमी (सजिल्द) |
||
| 650 | _918017 | ||
| 700 | _918071 | ||
| 942 |
_2ddc _cHN _mत्रिपाठी _h305.42 |
||
| 999 |
_c43619 _d43619 |
||